| 000 | 00666nam a2200253Ia 4500 | ||
|---|---|---|---|
| 003 | OSt | ||
| 005 | 20221007071309.0 | ||
| 006 | a|||||r|||| 00| 0 | ||
| 007 | ta | ||
| 008 | 221006b |||||||| |||| 00| 0 eng d | ||
| 024 | _a24,974 | ||
| 037 | _cTextual | ||
| 040 |
_aFLL _cFLL _beng |
||
| 041 |
_2eng _aeng |
||
| 082 | _aZ3;21:3, J1 | ||
| 100 | _aWilliams W. J. | ||
| 245 | 0 | _aLaw of landlord and tenant | |
| 250 | _a11th | ||
| 260 |
_aLondon _bButterworth & Co. UK _c1951 |
||
| 300 |
_accxx,1325,77p _ccm. |
||
| 700 |
_a Wells M.M. _9688462 |
||
| 942 |
_hZ3;21:3, J1 _cTEXL _2CC |
||
| 999 |
_c1142972 _d1142972 |
||